00544nam a2200157 i 4500001000300000100002600003245010800029260002100137040000800158041000800166942000700174008004100181999001700222856009800239952004900337bg1 aNOWAKOWSKI, Bolesław 0aZ badań nad niektórymi matodami przyśpieszonego dojrzewania tworzyw cementowych /cB. Nowakowski. aPoznań,c1985. cBPK apol cKS s pl f |000 0 pol  c23336d23336 uhttp://koha.tu.koszalin.pl/cgi-bin/koha/opac-detail.pl?biblionumber=23336yKatalog online BPK 00104070aBPKbBPKcwo33398p01599527yKS